| 000 | 01689nam0a2200373 4500 | ||
|---|---|---|---|
| 001 | RU\NLR\bibl\88833 | ||
| 005 | 20250617074549.0 | ||
| 010 |
_a5-7455-1082-x _93000 |
||
| 021 |
_aRU _b2000-2422 _9122 |
||
| 035 | _a(NLR Aleph) 000086783 | ||
| 090 |
_a485371 _c485371 |
||
| 100 | _a20000526d1999 |||y0rusy50 ca | ||
| 101 | 0 |
_arus _ager _dger |
|
| 102 | _aRU | ||
| 105 | _ay ||||||||| | ||
| 200 | 1 |
_aРусско-немецкий терминологический словарь инженера-дорожника _dRussisch-deutsches terminologigisches Wörterbuch für Ingenieure des Strassenbaus _eОк. 3000 терминов _f[Сост. В.П. Подольский и др.] _gПод ред. проф. В.П. Подольского |
|
| 210 |
_aВоронеж _cИзд-во Воронеж. гос. ун-та _d1999 |
||
| 215 |
_a324,[3] с. _d22 |
||
| 300 | _aРез. на нем. яз. | ||
| 320 | _aБиблиогр. в конце кн. | ||
| 606 | 0 |
_aРусский язык _xТерминология строительная _xСловари _xНемецкий язык _92172195 _3RU\NLR\auth\661306595 |
|
| 606 | 0 |
_aДорожное строительство _jТерминологические словари _9892895 _3RU\NLR\auth\662977 |
|
| 606 | 0 |
_aМосты _jТерминологические словари _91009745 _3RU\NLR\auth\6666537 |
|
| 686 | _aШ141.12-434.1 | ||
| 686 | _aШ143.24-434.2 | ||
| 686 | _aО112.2я212.2 | ||
| 686 | _aО311я212.2 | ||
| 702 | 1 |
_aПодольский _bВ. П. _4220 |
|
| 801 | 0 |
_aRU _bNLR _c20000526 _gPSBO |
|
| 801 | 1 |
_aRU _bNLR _c20000526 |
|
| 852 |
_aNLR _jС К-2/8130 |
||
| 942 | _cBOOK | ||
| 980 | _aNB | ||